New British Monarch or Prime Minister? - Statistics

General Stats
  • This quiz has been taken 30 times
  • The average score is 11 of 15
Answer Stats
Question Answer % Correct
2022 Both
100%
1901 Monarch
100%
1952 Monarch
100%
1868 Prime Minister
100%
1997 Prime Minister
100%
2024 Prime Minister
100%
1970 Prime Minister
100%
1727 Monarch
67%
1936 Monarch
67%
1727 Monarch
67%
1812 Prime Minister
67%
1841 Prime Minister
67%
1830 Both
33%
1924 Monarch
0%
1923 Monarch
0%
No matching quizzes found
Score Distribution
Percent of People with Each Score
Percentile by Number Answered
Your Score History
You have not taken this quiz